Formulario de contratos civiles y mercantiles /

Shranjeno v:
Bibliografske podrobnosti
Glavni avtor: Gutiérrez González, Ana Rosa (autor)
Drugi avtorji: Vélez Naranjo, Francisco (autor) (autor), Reyes Corona, Oswaldo G. (autor) (autor)
Format: Knjiga
Jezik:španščina
Izdano: México : Tax, 2001, c1999
Teme:
Oznake: Označite
Brez oznak, prvi označite!

MARC

LEADER 00000nam^a2200000^a^4500
001 000196001
005 20250521000000.0
009 20260310102810.848
020 |a 968-6592-30-X 
025 |a Donación sin dato, 1 ejemplar 
037 |a Acervo ITESO - Biblioteca 
041 |a ESP 
082 |a 346. 7202  |b GUT 
100 |a Gutiérrez González, Ana Rosa  |e (autor) 
245 1 0 |a Formulario de contratos civiles y mercantiles /  |c A.R. Gutiérrez González, F.M. Vélez Naranjo, O.G. Reyes Corona ; pról. de Federico García Jáuregui, Ernesto Manzano García. 
264 4 |a México :  |b Tax,  |c 2001, c1999 
300 |a 416 p. 
336 |a texto  |b txt  |2 rdacontenido 
337 |a sin mediación  |b n  |2 rdamedio 
338 |a volumen  |b nc  |2 rdasoporte 
649 |a XX 
650 |a Contratos Mercantiles -  |x Tema Principal 
650 |a Contratos -  |x Tema Principal 
650 |a Práctica Jurídica -  |z México 
650 |a Derecho Mercantil -  |z México 
650 |a Derecho Civil -  |z México 
650 |a Derecho Privado -  |z México 
700 |a Vélez Naranjo, Francisco  |e (autor) 
700 |a Reyes Corona, Oswaldo G.  |e (autor) 
910 |a Fondo General 
920 |a Impresos - Libros 
930 |a Colección General 
905 |a 101 
901 |a 0500142135  |b IT1  |c ACC  |i D  |u 20250521 
902 |a https://opac.biblio.iteso.mx/vufind/Record/000196001